000 00572cab a2200205 4500
001 WB2932-24
008 090401t1993 xxu||||| |||| 00| 0 eng d
035 _a(Sirsi) u11544
041 _aeng
245 4 _aThe licensed trade
260 _c1993
350 _a0
490 _aHousing
_v2 September 1993, 10(1)
520 _aReviews the licensed property market in Scotland in 1992 and considers the prospects for the future.
650 _aLICENSED PROPERTY
650 _aPROPERTY FORECASTS
690 _aLEISURE AND RECREATION
942 _n0
948 _c04/03/1997
999 _c7361
_d7361